[Event "XIII Abierto de La Pobla de Lillet"]
[Site "Barcelona"]
[Date "2003.??.??"]
[Round "8"]
[White "Riera Sola, Lluis"]
[Black "Morcillo Ferran, Jordi"]
[Result "1/2-1/2"]
[WhiteElo "2054"]
[BlackElo "2153"]
[PlyCount "110"]
[EventDate "2003.08.02"]
[Source "lmi"]
[SourceDate "2003.08.10"]

1. e4 c5 2. Nc3 Nc6 3. g3 g6 4. Bg2 Bg7 5. Nge2 d6 6. O-O e6 7. d3 Nge7 8. Be3
O-O 9. Qd2 Nd4 10. Rae1 Nec6 11. Nd1 Rb8 12. Nc1 Ne5 13. f4 Ng4 14. c3 Nc6 15.
h3 Nxe3 16. Nxe3 Re8 17. Kh2 b6 18. Qf2 Ne7 19. g4 Bb7 20. Ne2 Qd7 21. f5 f6
22. Qg3 e5 23. g5 Rf8 24. Ng4 fxg5 25. f6 h5 26. Nxe5 dxe5 27. fxg7 Rxf1 28.
Rxf1 Qe6 29. Rf8+ Rxf8 30. gxf8=Q+ Kxf8 31. Qxg5 Kg7 32. Ng3 Kh7 33. Nf1 Ba6
34. c4 Kg7 35. Ne3 Qf6 36. Qxf6+ Kxf6 37. Nd5+ Nxd5 38. exd5 Bc8 39. Kg3 g5 40.
Be4 h4+ 41. Kg2 g4 42. hxg4 Bxg4 43. Kf2 a6 44. Kg2 b5 45. cxb5 axb5 46. a3 Bd7
47. b3 Ke7 48. Kf3 Kd6 49. Ke3 Be8 50. Kf3 Bh5+ 51. Kg2 Bd1 52. b4 cxb4 53.
axb4 Bb3 54. Kh3 Bxd5 55. Kxh4 Bb3 1/2-1/2

[Event "XIII Abierto de La Pobla de Lillet"]
[Site "Barcelona"]
[Date "2003.??.??"]
[Round "8"]
[White "Orriols Miro, Clara"]
[Black "Mitjavila Badia, Josep"]
[Result "1-0"]
[WhiteElo "2024"]
[BlackElo "2136"]
[PlyCount "69"]
[EventDate "2003.08.02"]
[Source "lmi"]
[SourceDate "2003.08.10"]

1. e4 c5 2. Nf3 d6 3. d4 cxd4 4. Nxd4 Nf6 5. Nc3 a6 6. f3 e6 7. Be3 Be7 8. Qd2
Qc7 9. O-O-O Nc6 10. g4 Nxd4 11. Bxd4 O-O 12. h4 Nd7 13. Kb1 b5 14. g5 b4 15.
Na4 Qa5 16. b3 Bb7 17. Rg1 Bc6 18. Nb2 d5 19. e5 Bc5 20. h5 Nxe5 21. Qf4 Bxd4
22. Rxd4 Nd7 23. Qg4 e5 24. Rd1 Nc5 25. g6 fxg6 26. hxg6 h6 27. Nd3 Nxd3 28.
Bxd3 Rae8 29. Bf5 Rf6 30. Rg3 Qc7 31. Rh3 Qe7 32. Rdh1 Qf8 33. Bd7 Bxd7 34.
Qxd7 Rd8 35. Rxh6 1-0

[Event "XIII Abierto de La Pobla de Lillet"]
[Site "Barcelona"]
[Date "2003.??.??"]
[Round "8"]
[White "Melchor Muñoz, Alejandro"]
[Black "Masachs Vendrell, Francesco"]
[Result "1-0"]
[WhiteElo "2134"]
[BlackElo "2006"]
[PlyCount "63"]
[EventDate "2003.08.02"]
[Source "lmi"]
[SourceDate "2003.08.10"]

1. Nf3 e6 2. d4 d5 3. g3 c5 4. c4 dxc4 5. e3 cxd4 6. Bxc4 Bb4+ 7. Bd2 Qb6 8.
Nxd4 Nc6 9. O-O Nge7 10. Nxc6 Nxc6 11. Bxb4 Qxb4 12. Qc2 O-O 13. Nd2 Ne5 14.
Rfd1 Bd7 15. a3 Qe7 16. Be2 Bc6 17. Rac1 Rfd8 18. f4 Nd7 19. Ne4 Rac8 20. Nd6
Rb8 21. e4 e5 22. Bc4 Nf6 23. Nxf7 Qc5+ 24. Kf1 Rxd1+ 25. Qxd1 Kf8 26. Nxe5
Nxe4 27. Rc2 Re8 28. Qh5 Ke7 29. Bd3 Qd4 30. Nxc6+ bxc6 31. Bxe4 Kd8 32. Qa5+
1-0

[Event "XIII Abierto de La Pobla de Lillet"]
[Site "Barcelona"]
[Date "2003.??.??"]
[Round "8"]
[White "Garcia Galeote, Lorenzo"]
[Black "Ayza Leon, David"]
[Result "0-1"]
[WhiteElo "2123"]
[BlackElo "2030"]
[PlyCount "104"]
[EventDate "2003.08.02"]
[Source "lmi"]
[SourceDate "2003.08.10"]

1. d4 Nf6 2. c4 g6 3. Nc3 Bg7 4. e4 d6 5. Nge2 O-O 6. Ng3 e5 7. d5 Nbd7 8. Be2
Kh8 9. h4 h5 10. Bg5 a6 11. Bxh5 gxh5 12. Nxh5 Qe8 13. Rh3 Nxh5 14. Qxh5+ Kg8
15. Bh6 f6 16. Qg4 Rf7 17. Rg3 Nf8 18. Qh5 Bd7 19. O-O-O Re7 20. Qxe8 Raxe8 21.
h5 Kh7 22. Bxg7 Rxg7 23. Rxg7+ Kxg7 24. f3 Kh6 25. g4 b5 26. cxb5 axb5 27. b4
Nh7 28. Rd3 Rc8 29. Kb2 Ng5 30. Kb3 c5 31. dxc6 Rxc6 32. Nxb5 Be6+ 33. Kb2 Bc4
34. Na7 Ra6 35. Ra3 Rxa3 36. Kxa3 d5 37. b5 dxe4 38. fxe4 Nxe4 39. b6 Ba6 40.
Kb4 Nf2 41. Kc5 e4 42. Kd4 Bb7 43. Nb5 Nxg4 44. Nc7 e3 45. Kd3 f5 46. a4 f4 47.
a5 Ne5+ 48. Ke2 Nc4 49. a6 f3+ 50. Kd3 f2 51. axb7 f1=Q+ 52. Kd4 Qf4+ 0-1

[Event "XIII Abierto de La Pobla de Lillet"]
[Site "Barcelona"]
[Date "2003.??.??"]
[Round "8"]
[White "Garcia Miracle, Joan Josep"]
[Black "Casamitjana Nuñez, Andreu"]
[Result "0-1"]
[WhiteElo "2106"]
[BlackElo "1838"]
[PlyCount "72"]
[EventDate "2003.08.02"]
[Source "lmi"]
[SourceDate "2003.08.10"]

1. e4 Nf6 2. e5 Nd5 3. d4 d6 4. c4 Nb6 5. exd6 exd6 6. Nf3 Nc6 7. h3 Bf5 8. Be3
Be7 9. Nc3 O-O 10. Be2 h6 11. Qd2 a6 12. b3 d5 13. c5 Nd7 14. O-O Nf6 15. Bf4
Ne4 16. Qb2 Bf6 17. Rfd1 Re8 18. Rac1 Qd7 19. b4 Nxc3 20. Rxc3 Re4 21. Be3 Rae8
22. Rb3 g5 23. Bd3 R4e7 24. Bxf5 Qxf5 25. Qd2 Re4 26. b5 axb5 27. Rxb5 g4 28.
hxg4 Rxg4 29. Nh2 Rh4 30. Nf3 Rg4 31. Nh2 Rge4 32. Nf3 Kh7 33. Qd3 Rg8 34. Ne1
Bxd4 35. Bxd4 Nxd4 36. Nf3 Nxf3+ 0-1

[Event "XIII Abierto de La Pobla de Lillet"]
[Site "Barcelona"]
[Date "2003.??.??"]
[Round "9"]
[White "Pogorelov, Ruslan"]
[Black "De la Paz, Frank"]
[Result "1-0"]
[WhiteElo "2449"]
[BlackElo "2442"]
[PlyCount "79"]
[EventDate "2003.08.02"]
[Source "lmi"]
[SourceDate "2003.08.10"]

1. Nf3 Nf6 2. c4 g6 3. Nc3 Bg7 4. e4 d6 5. d4 O-O 6. Be2 e5 7. O-O Nc6 8. d5
Ne7 9. Ne1 Nd7 10. Be3 f5 11. f3 f4 12. Bf2 g5 13. a4 a5 14. Nd3 b6 15. b4 axb4
16. Nb5 Nf6 17. Be1 g4 18. Bxb4 g3 19. h3 Ne8 20. Qd2 Ng6 21. Rfb1 Nh4 22. Ne1
Rf6 23. Bf1 Rg6 24. Qc2 Bd7 25. a5 bxa5 26. Rxa5 Rxa5 27. Bxa5 Qc8 28. c5 Bxh3
29. Na7 Qd7 30. c6 Qd8 31. gxh3 g2 32. Bxg2 Nxg2 33. Nxg2 Qh4 34. Rb8 Kf7 35.
Rxe8 Kxe8 36. Nb5 Qxh3 37. Nxc7+ Ke7 38. Ne6 Qxf3 39. Bd8+ Ke8 40. Bg5 1-0

[Event "XIII Abierto de La Pobla de Lillet"]
[Site "Barcelona"]
[Date "2003.??.??"]
[Round "9"]
[White "Peric, Slavisa"]
[Black "Baches Garcia, Guillermo"]
[Result "1/2-1/2"]
[WhiteElo "2251"]
[BlackElo "2399"]
[PlyCount "95"]
[EventDate "2003.08.02"]
[Source "lmi"]
[SourceDate "2003.08.10"]

1. d4 d5 2. Nf3 e6 3. e3 f5 4. c4 Nf6 5. Nc3 c6 6. Be2 Bd6 7. Ne5 O-O 8. O-O b6
9. Qc2 Qe7 10. cxd5 exd5 11. f4 Be6 12. Bd2 Rc8 13. Rfc1 Nbd7 14. Ba6 Rc7 15.
a4 Rd8 16. Rab1 Nf8 17. Bd3 Ne4 18. Nxe4 fxe4 19. Be2 c5 20. Qd1 Bf5 21. Bc3
Bxe5 22. fxe5 Ne6 23. Qd2 Qg5 24. Rf1 Rf7 25. Rf2 Rdf8 26. Bf1 Bh3 27. Rxf7
Rxf7 28. Qe1 Rf3 29. Kh1 Rxe3 30. Qf2 cxd4 31. Bd2 Bg4 32. Re1 Qxe5 33. Bxe3
dxe3 34. Qxe3 Bf5 35. Qc3 Qxc3 36. bxc3 Nc5 37. a5 bxa5 38. Ra1 a4 39. Bb5 e3
40. Bxa4 Nxa4 41. Rxa4 e2 42. Ra1 Bd3 43. Kg1 a6 44. Kf2 Kf7 45. Ke3 Bc4 46.
Kd2 Ke6 47. Rb1 Bb5 48. Rb4 1/2-1/2

[Event "XIII Abierto de La Pobla de Lillet"]
[Site "Barcelona"]
[Date "2003.??.??"]
[Round "9"]
[White "Westerinen, Heikki MJ"]
[Black "Oms Fuentes, Lluis"]
[Result "1-0"]
[WhiteElo "2351"]
[BlackElo "2126"]
[PlyCount "79"]
[EventDate "2003.08.02"]
[Source "lmi"]
[SourceDate "2003.08.10"]

1. e4 c5 2. Nf3 e6 3. Nc3 Nc6 4. Bb5 Nd4 5. a4 g6 6. O-O Bg7 7. Re1 Qc7 8. d3
Ne7 9. Bg5 f6 10. Be3 e5 11. Bc4 d6 12. h3 Bd7 13. Nd5 Nxd5 14. Bxd5 O-O-O 15.
a5 g5 16. Nd2 h5 17. c3 Ne6 18. Nc4 Nf4 19. a6 b6 20. Bb7+ Kb8 21. b4 Be6 22.
Na3 cxb4 23. Nb5 Qd7 24. Qa4 Nxd3 25. Red1 Bc4 26. Nxa7 Qxa4 27. Bxb6 Qxd1+ 28.
Rxd1 Rc8 29. Nxc8 Rxc8 30. Bxc8 Kxc8 31. a7 Kb7 32. cxb4 Bf8 33. b5 d5 34. exd5
e4 35. Bd4 Bxd5 36. Ra1 Ka8 37. Ra6 Be7 38. Rb6 Nc5 39. Rb8+ Kxa7 40. Re8 1-0

[Event "XIII Abierto de La Pobla de Lillet"]
[Site "Barcelona"]
[Date "2003.??.??"]
[Round "9"]
[White "Asensio Lisan, Teodoro"]
[Black "Jose Iraeta, Alexandre"]
[Result "1-0"]
[WhiteElo "2222"]
[BlackElo "2191"]
[PlyCount "77"]
[EventDate "2003.08.02"]
[Source "lmi"]
[SourceDate "2003.08.10"]

1. Nf3 d5 2. g3 Bg4 3. Bg2 Bxf3 4. Bxf3 c6 5. c4 e6 6. d4 Nd7 7. cxd5 exd5 8.
Nc3 Ngf6 9. Bf4 Be7 10. O-O O-O 11. Rb1 Re8 12. b4 a6 13. a4 Nb6 14. b5 cxb5
15. axb5 a5 16. Na4 Nxa4 17. Qxa4 Nd7 18. b6 Nxb6 19. Qb5 Bb4 20. Rfc1 Re7 21.
Rb3 Qe8 22. Rxb4 axb4 23. Qxb6 Qa4 24. Rb1 h6 25. Kg2 Ra6 26. Qc5 Rd7 27. Rxb4
Qc6 28. Bg4 Qxc5 29. dxc5 Re7 30. e3 g5 31. Bd6 Re4 32. Rxe4 dxe4 33. Bf5 Ra4
34. Be5 Ra5 35. Bd4 Kf8 36. Bxe4 Rb5 37. Kf3 Ke7 38. Bd5 b6 39. Bc6 1-0

[Event "XIII Abierto de La Pobla de Lillet"]
[Site "Barcelona"]
[Date "2003.??.??"]
[Round "9"]
[White "Casamitjana Nuñez, Andreu"]
[Black "Melchor Muñoz, Alejandro"]
[Result "0-1"]
[WhiteElo "1838"]
[BlackElo "2134"]
[PlyCount "48"]
[EventDate "2003.08.02"]
[Source "lmi"]
[SourceDate "2003.08.10"]

1. e4 e5 2. Nf3 Nc6 3. Bc4 Nf6 4. Ng5 d5 5. exd5 Nd4 6. Bf1 Bg4 7. f3 Bf5 8. d3
Nxd5 9. c3 Be7 10. Nxf7 Kxf7 11. cxd4 Bb4+ 12. Bd2 Qh4+ 13. g3 Qxd4 14. Nc3 Bc5
15. Qe2 Nb4 16. Ne4 Bxe4 17. fxe4 Nc2+ 18. Kd1 Nxa1 19. Bh3 Rhf8 20. Bf5 g6 21.
Rf1 Qa4+ 22. b3 Qxa2 23. Qg4 Kg7 24. Qg5 Nxb3 0-1

[Event "XIII Abierto de La Pobla de Lillet"]
[Site "Barcelona"]
[Date "2003.??.??"]
[Round "9"]
[White "Moreno de la Fuente, Jose A"]
[Black "Mila Tejera, Jordi"]
[Result "1-0"]
[WhiteElo "2128"]
[BlackElo "2043"]
[PlyCount "51"]
[EventDate "2003.08.02"]
[Source "lmi"]
[SourceDate "2003.08.10"]

1. d4 Nf6 2. c4 c5 3. Nf3 cxd4 4. Nxd4 d6 5. g3 g6 6. Bg2 Bg7 7. O-O O-O 8. Nc3
a6 9. b3 Qc7 10. Bb2 Nc6 11. Nc2 Bd7 12. Ne3 Rac8 13. Rc1 Qa5 14. Qd2 b5 15.
Rfd1 b4 16. Ncd5 Nxd5 17. Nxd5 Bxb2 18. Qxb2 Qc5 19. Qd2 Be6 20. Nf4 a5 21. Qc2
a4 22. h4 axb3 23. axb3 Ra8 24. Nd3 Qb6 25. c5 dxc5 26. Qxc5 1-0

[Event "XIII Abierto de La Pobla de Lillet"]
[Site "Barcelona"]
[Date "2003.??.??"]
[Round "9"]
[White "Pascual Genoves, Marc"]
[Black "Orriols Miro, Clara"]
[Result "1-0"]
[WhiteElo "2092"]
[BlackElo "2024"]
[PlyCount "107"]
[EventDate "2003.08.02"]
[Source "lmi"]
[SourceDate "2003.08.10"]

1. e4 c5 2. Nf3 d6 3. Bc4 Nf6 4. d3 g6 5. O-O Bg7 6. Bb3 O-O 7. c3 Nc6 8. Nbd2
b5 9. Re1 Qb6 10. h3 a5 11. Nf1 Ne8 12. a3 Nc7 13. Be3 Be6 14. Bxe6 Nxe6 15. h4
b4 16. axb4 axb4 17. Qc2 Rfb8 18. Rxa8 Rxa8 19. Ng3 Ra2 20. Qb3 Qa6 21. Bd2 Qa4
22. Qxa4 Rxa4 23. Rb1 h5 24. Ne2 Ra2 25. Kf1 Bf6 26. g3 Nc7 27. d4 cxd4 28.
cxd4 Nb5 29. Nc1 Ra8 30. d5 Ncd4 31. Nxd4 Nxd4 32. Bxb4 Nc2 33. Bc3 Nd4 34. Ne2
Nb3 35. Ke1 Bxc3+ 36. Nxc3 Kg7 37. Ke2 Kf6 38. f4 Ra7 39. Ke3 Rb7 40. Ne2 Rb4
41. Nc3 Rd4 42. Rd1 Rb4 43. Rf1 Na5 44. Nd1 Rb3+ 45. Kd4 Rb4+ 46. Kd3 Nb7 47.
e5+ dxe5 48. fxe5+ Kxe5 49. Rxf7 Kd6 50. Kc3 Rg4 51. Rf3 Nc5 52. Nf2 Kxd5 53.
Nxg4 hxg4 54. Rf4 1-0

[Event "XIII Abierto de La Pobla de Lillet"]
[Site "Barcelona"]
[Date "2003.??.??"]
[Round "9"]
[White "Morcillo Ferran, Jordi"]
[Black "Nogue Fajula, Joan"]
[Result "1/2-1/2"]
[WhiteElo "2153"]
[BlackElo "2024"]
[PlyCount "55"]
[EventDate "2003.08.02"]
[Source "lmi"]
[SourceDate "2003.08.10"]

1. e4 d5 2. exd5 Qxd5 3. Nc3 Qd8 4. d4 Nf6 5. Bc4 c6 6. Nf3 Bf5 7. Ne5 e6 8.
Bg5 Be7 9. Qd2 Nbd7 10. O-O-O h6 11. Bh4 Nb6 12. Bb3 Qc7 13. f3 Rd8 14. Qe2
Nbd5 15. Nxd5 Nxd5 16. Bxe7 Qxe7 17. g4 Bh7 18. h4 O-O 19. Kb1 c5 20. g5 h5 21.
Rhe1 Nf4 22. Qh2 Nd5 23. g6 fxg6 24. dxc5 Qxc5 25. Nd3 Qc8 26. Qe5 Rf6 27. a3
Kh8 28. f4 1/2-1/2

[Event "XIII Abierto de La Pobla de Lillet"]
[Site "Barcelona"]
[Date "2003.??.??"]
[Round "9"]
[White "Amor Alcaide, Manuel"]
[Black "Riera Sola, Lluis"]
[Result "0-1"]
[WhiteElo "2116"]
[BlackElo "2054"]
[PlyCount "114"]
[EventDate "2003.08.02"]
[Source "lmi"]
[SourceDate "2003.08.10"]

1. b4 d5 2. Bb2 Nf6 3. Nf3 e6 4. a3 Nbd7 5. d3 b6 6. Nbd2 Bb7 7. e3 Bd6 8. c4
c5 9. Qb3 O-O 10. Be2 Rc8 11. O-O Bb8 12. Rfc1 Qe7 13. Nf1 dxc4 14. dxc4 Ne4
15. Rd1 Rfd8 16. b5 Ng5 17. Nxg5 Qxg5 18. f3 Nf8 19. Qc3 f6 20. Qe1 Ng6 21. Qf2
f5 22. f4 Qe7 23. Ng3 Rxd1+ 24. Rxd1 Rf8 25. Nh5 e5 26. Bf3 Bxf3 27. Qxf3 Re8
28. Qd5+ Kf8 29. Qd7 Qf7 30. Rd5 Ne7 31. Rd2 Qxh5 32. Rf2 Qh6 33. g3 Qd6 34.
Rd2 Qxd7 35. Rxd7 Ng6 36. Kf2 h6 37. a4 h5 38. h4 Kg8 39. Bc3 Kf8 40. a5 bxa5
41. Bxa5 exf4 42. exf4 Ne7 43. Bc7 Bxc7 44. Rxc7 Ra8 45. Ke3 Ke8 46. Rxc5 Rc8
47. Kd4 Rxc5 48. Kxc5 Kd7 49. Kd4 Kd6 50. c5+ Ke6 51. b6 Nc6+ 52. Kc4 a6 53. b7
g6 54. Kc3 Kd5 55. Kb3 Kxc5 56. Kc3 a5 57. Kb3 Kb6 0-1

[Event "XIII Abierto de La Pobla de Lillet"]
[Site "Barcelona"]
[Date "2003.??.??"]
[Round "9"]
[White "Basas Gamazo, Josep"]
[Black "Moreno Fernandez, Hector"]
[Result "0-1"]
[WhiteElo "2045"]
[BlackElo "2075"]
[PlyCount "48"]
[EventDate "2003.08.02"]
[Source "lmi"]
[SourceDate "2003.08.10"]

1. e4 c5 2. Nf3 e6 3. d4 cxd4 4. Nxd4 Nf6 5. Nc3 d6 6. Be3 a6 7. f3 b5 8. Qd2
Bb7 9. g4 Nfd7 10. O-O-O Nb6 11. h4 N8d7 12. g5 Rc8 13. Kb1 Ne5 14. b3 d5 15.
Bd3 Bb4 16. Qf2 Bxc3 17. Nxe6 fxe6 18. Bxb6 Qe7 19. Bd4 Nxd3 20. cxd3 Bxd4 21.
Qxd4 e5 22. Qe3 d4 23. Qd2 O-O 24. Rdf1 Rf4 0-1